Online Catalogue and eLibrary

போதிதர்மர் பற்றிய அற்புதமான விஷயங்கள் (Record no. 3)

MARC details
000 -LEADER
fixed length control field 00469nam a22001217a 4500
008 - FIXED-LENGTH DATA ELEMENTS--GENERAL INFORMATION
fixed length control field 220102b |||||||| |||| 00| 0 eng d
082 ## - DDC பகுப்பாக்கம்
DDC பதிப்பு எண் 22
100 ## - பிரதம பதிவு--ஆசிரியர் பெயர்
ஆசிரியர் பெயர் குருபாதம், எஸ்.
245 ## - தலைப்பு விபரம்
பிரதான தலைப்பு போதிதர்மர் பற்றிய அற்புதமான விஷயங்கள்
260 ## - வெளியீட்டு விபரம்
வெளியீட்டிடம் சென்னை
வெளியீட்டாளர் மணிமேகலைப் பிரசுரம்
வெளியீட்டாண்டு 2014
300 ## - பெளதீக விபரம்
நீட்சி (e.g. தொகுதிகள, பக்கங்கள் போன்றவற்றின் விபரம் ) 286 பக்கங்கள்
942 ## - நூல் வகை (இரவல் கட்டுப்பாடு)
நூல் வகை e-Books

No items available.

© WERC Library